000 00839nas a2200265 4500
001 BR0704587
003 BR-BrBNA
005 20231205111126.0
007 ta
008 230509b bl.|||p| |||| 00| 00por d
040 _aBR-BrBNA
_bpor
_cBiblioteca Nacional de Agricultura
041 _a(Pt)
072 _aH10; F30
100 1 _aSuinaga, F.A.
100 1 _aPicanço, M.
100 1 _aJham, G.N.
100 1 _aBrommonschenkel, S.H.
245 1 _aCausas químicas de resistência de Lycoérsicon pervianum (L.)a Tuta absoluta (Meyrick)(Lepidoptera: Gelechiidae)
650 _aTOMATE
650 _aTRAÇA
650 _aINSETICIDAS
773 0 _tAnais da Sociedade Entomológica do Brasil (Brazil)
_xISSN 0301-8059
_g(Jun 1999), v. 28(2) p. 313-321
_wBR0704587
909 _a202311
_bLúcia
_c55
_dLúcia Elande
942 _2AGRIS
_n0
_cANA
999 _c190810
_d190810